000 00503nam a2200169Ia 4500
003 GCL
008 140319s9999 xx 000 0 ara d
040 _aGCL /
_cGCL
082 0 4 _a320
_bس س
100 1 _aسميح عاطف الزين
245 1 0 _aالسياسة والسياسة الدولية /
_cسميح عاطف الزين
260 _a[S.N] :
_bالشركة العالمية للكتاب ش م ل ،
_c1987
300 _a352 ص
490 _a
650 0 4 _aالسياسة
942 _2ddc
_cBK
999 _c43965
_d43965